000 00470cam a2200181 a 4500
001 1947166
005 20240130031206.0
008 870213s1986 ii b 101 0 eng
020 _a8185054150
040 _aDLC
_cDLC
_dDLC
082 0 0 _a305.5
_219
245 0 0 _aSocial stratification in India /
_cedited by K.L. Sharma.
260 _aNew Delhi :
_bManohar,
_c1986.
300 _axxvi, 343 p. ;
650 0 _aSocial classes
700 1 _aSharma, K. L.
_eedt
942 _cL
999 _c230
_d230